书目信息 |
| 题名: |
“国学”中的教育艺术
|
|
| 作者: | 腾飞 主编 | |
| 分册: | ||
| 出版信息: | 长春 东北师范大学出版社 2010.11 |
|
| 页数: | 245页 | |
| 开本: | 22cm | |
| 丛书名: | ||
| 单 册: | ||
| 中图分类: | Z126.27 | |
| 科图分类: | ||
| 主题词: | 国学--教育--中国--普及读物 , 教育 , 国学 | |
| 电子资源: | ||
| ISBN: | 978-7-5602-6625-1 | |
| 000 | 00976nam0 22002771 450 | |
| 001 | 005268825 | |
| 005 | 20111228171650.75 | |
| 010 | @a978-7-5602-6625-1@dCNY28.00 | |
| 096 | @aG40@btf | |
| 100 | @a20110621d2010 em y0chiy50 ea | |
| 101 | 0 | @achi |
| 102 | @aCN@b220000 | |
| 105 | @ay z 000yy | |
| 200 | 1 | @a“国学”中的教育艺术@9“ guo xue ” zhong de jiao yu yi shu@f腾飞主编 |
| 210 | @a长春@c东北师范大学出版社@d2010.11 | |
| 215 | @a245页@d22cm | |
| 300 | @a国家教育行政学院校长书屋书系 | |
| 300 | @a恩歌贝尔教育 教师用书 教师写·教师读 | |
| 330 | @a本书研究国学教育艺术,这是一门研究中国传统文化及学术的学问,其作为各种文化知识的载体,涉及到社会生活的各个领域,为国人增强自我修养,提高知识层次,规范道德行为等提供了强大的精神动力和有效途径。 | |
| 606 | 0 | @a国学@x教育@y中国@j普及读物 |
| 606 | 0 | @a教育 |
| 606 | 0 | @a国学 |
| 690 | @aZ126.27@v4 | |
| 701 | 0 | @a腾飞@9teng fei@4主编 |
| 801 | 0 | @c20111228 |
| 905 | @a郑州市财税学校图书馆@dZ126.27@eT415@f3 | |
| “国学”中的教育艺术/腾飞主编.-长春:东北师范大学出版社,2010.11 |
| 245页;22cm |
| 国家教育行政学院校长书屋书系.-恩歌贝尔教育 教师用书 教师写·教师读 |
| ISBN 978-7-5602-6625-1:CNY28.00 |
| 本书研究国学教育艺术,这是一门研究中国传统文化及学术的学问,其作为各种文化知识的载体,涉及到社会生活的各个领域,为国人增强自我修养,提高知识层次,规范道德行为等提供了强大的精神动力和有效途径。 |
| ● |
| 相关链接 |
|
|
|
正题名:"国学"中的教育艺术
索取号:Z126.27/T415
 
预约/预借
| 序号 | 登录号 | 条形码 | 馆藏地/架位号 | 状态 | 备注 |
| 1 | 1186519 | 211865196 | 期刊室512/501自科库 124排2列4层/ [索取号:Z126.27/T415] | 在馆 | |
| 2 | 1186520 | 211865203 | 自科库501/501自科库 124排2列4层/ [索取号:Z126.27/T415] | 在馆 | |
| 3 | 1186521 | 211865212 | 自科库501/501自科库 124排2列4层/ [索取号:Z126.27/T415] | 在馆 |